Score 0/10 Timer 02:00
0 Plays Today
% Correct
Lindsay Lohan
91.4%
Mike Tyson
89.1%
Robert Downey, Jr.
87.9%
Paris Hilton
86.1%
Snoop Dogg
84%
Kiefer Sutherland
65.4%
Tim Allen
62.5%
Danny Trejo
50.4%
Paul McCartney
47.4%
Stephen Fry
37.3%
Remove Ads.
Support Sporcle.
Get the best of Sporcle when you Go Orange. This ad-free experience offers more features, more stats, and more fun while also helping to support Sporcle. Thank you for becoming a member.

You're not logged in!

Compare scores with friends on all Sporcle quizzes.
OR
Log In

Show Comments

Extras

Top Quizzes Today


Score Distribution

Your Account Isn't Verified!

In order to create a playlist on Sporcle, you need to verify the email address you used during registration. Go to your Sporcle Settings to finish the process.

Report this User

Report this user for behavior that violates our Community Guidelines.

Details: